Οι τελευταίοι εθνικοί : ένα χρονικό της ήττας του παγανισμού
Αποθηκεύτηκε σε:
| Κύριος συγγραφέας: | |
|---|---|
| Άλλοι συγγραφείς: | , |
| Μορφή: | Βιβλίο |
| Γλώσσα: | Greek English |
| Δημοσίευση: |
Θεσσαλονίκη :
Θύραθεν,
c2003.
|
| Σειρά: | Ιστορική βιβλιοθήκη (Θύραθεν)
|
| Θέματα: | |
| Ετικέτες: |
Προσθήκη ετικέτας
Δεν υπάρχουν, Καταχωρήστε ετικέτα πρώτοι!
|
MARC
| LEADER | 00000cam a2200000 i 4500 | ||
|---|---|---|---|
| 001 | 1/55005 | ||
| 008 | 070917s2003####gr | ||| |||| ||gre|| | ||
| 020 | |a 9608097169 | ||
| 035 | |l 10090739 | ||
| 040 | |a GR-MyUA |b gre |e AACR2 | ||
| 041 | 1 | |a gre |h eng | |
| 082 | 0 | |a 292.009015 |2 (22) | |
| 100 | 1 | |a Chuvin, Pierre. | |
| 245 | 1 | 3 | |a Οι τελευταίοι εθνικοί : |b ένα χρονικό της ήττας του παγανισμού / |c Pierre Chuvin ; μετάφραση Ολυμπία Χειμωνίδου ; επιμέλεια Γ. Αβραμίδης. |
| 260 | |a Θεσσαλονίκη : |b Θύραθεν, |c c2003. | ||
| 300 | |a 215 σ. ; |c 24 εκ. | ||
| 490 | 1 | |a (Ιστορική βιβλιοθήκη (Θύραθεν) ) | |
| 500 | |a Τίτλος πρωτοτύπου: A chronicle of the last pagans. | ||
| 504 | |a Περιέχει ευρετήριο | ||
| 650 | 0 | 0 | |a Christianity and other religions |x Roman. |
| 651 | 0 | |a Rome |x Religion. | |
| 700 | 1 | |a Χειμωνίδου, Ολυμπία, |e trlf | |
| 700 | 1 | |a Αβραμίδης, Γιάννης, |e edt | |
| 830 | 0 | |a Ιστορική βιβλιοθήκη (Θύραθεν) | |
| 852 | |a INST |b SAMOS |e 20070917 |h 292.009015 CHU |p 005300028237 |q 005300028237 |t BK |y 0 | ||
| 901 | |a BIBL3-2007-3 | ||
| 909 | |a Σ |b 138695 | ||
| 922 | |a 3ΕΛΗ |b 200708 |c ΕΠΕΑΕΚ2/ΤΜΗΜΑ ΜΑΘΗΜΑΤΙΚΩΝ |d Σ. ΠΑΤΑΚΗΣ | ||
| 970 | |a ΜΑΛΑΓΑΡΗ |b ΦΩΤΕΙΝΗ |z 2007/09/17 | ||